| 000 | 00567nam a2200181 i 4500 | ||
|---|---|---|---|
| 001 | 36482 | ||
| 003 | ES-MaACL | ||
| 005 | 20230906155358.0 | ||
| 007 | t| | ||
| 008 | 030218s1961 sp ||||1| spa d | ||
| 100 | 1 |
_aBrandt, Willy. _931356 |
|
| 245 | 1 | 0 |
_aMi camino hacia Berlín tal como Willi Brandt lo contó a Leo Lania / _cWilly Brandt ; [traducción de Antonio Ribera]. |
| 250 | _a1ª ed. | ||
| 260 |
_aBarcelona, etc. : _bPlaza & Janés, _c[1961] |
||
| 300 |
_a252 p. ; _c22 cm. |
||
| 700 | 1 |
_aRibera, Antonio. _996769 |
|
| 852 |
_aES-MaACL _jC-20375 _bR.48065 |
||
| 999 |
_c36482 _d36482 |
||